[Event "BRA-ch sf Reg2 86th"]
[Site "Recife"]
[Date "2019.12.21"]
[Round "5"]
[White "Azevedo, Edmundo Roberto Ram"]
[Black "Hiramine, Ricardo Hiroshi Fer"]
[Result "0-1"]
[WhiteElo "1951"]
[BlackElo "1965"]
[PlyCount "64"]
[EventDate "2019.12.19"]
[EventType "swiss"]
[EventRounds "7"]
[EventCountry "BRA"]
[SourceTitle "CBM 194 Extra"]
[Source "ChessBase"]
[SourceDate "2020.03.31"]
[SourceVersion "1"]
[SourceVersionDate "2020.03.31"]
[SourceQuality "1"]

1. d4 Nf6 2. Nf3 c5 3. c3 d5 4. Bf4 Nc6 5. e3 Qb6 6. Qb3 c4 7. Qc2 Bf5 8. Qc1 Nh5 9. Be5 Nxe5 10. Nxe5 Nf6 11. Be2 e6 12. 0-0 Bd6 13. Nf3 Qc7 14. Nbd2 0-0 15. h3 h6 16. Bd1 b5 17. a3 a5 18. Bc2 Bxc2 19. Qxc2 b4 20. e4 dxe4 21. Nxe4 Nxe4 22. Qxe4 bxc3 23. bxc3 Rab8 24. a4 Rb3 25. Rfc1 Bf4 26. Rc2 Rfb8 27. Kf1 Rb1+ 28. Rxb1 Rxb1+ 29. Ke2 Qb8 30. d5 exd5 31. Qe7 Rb7 32. Qc5 Qe8+ 0-1

[Event "BRA-ch sf Reg2 86th"]
[Site "Recife"]
[Date "2019.12.21"]
[Round "4"]
[White "Hiramine, Ricardo Hiroshi Fer"]
[Black "Gomes, Genildo de Souza"]
[Result "1/2-1/2"]
[WhiteElo "1965"]
[BlackElo "1668"]
[PlyCount "96"]
[EventDate "2019.12.19"]
[EventType "swiss"]
[EventRounds "7"]
[EventCountry "BRA"]
[SourceTitle "CBM 194 Extra"]
[Source "ChessBase"]
[SourceDate "2020.03.31"]
[SourceVersion "1"]
[SourceVersionDate "2020.03.31"]
[SourceQuality "1"]

1. d4 e6 2. c4 d5 3. cxd5 Qxd5 4. a3 c5 5. Nf3 cxd4 6. Qxd4 Qxd4 7. Nxd4 Bd7 8. e4 Nc6 9. Nb5 Rc8 10. Be3 a6 11. N5c3 Nf6 12. f3 Ne5 13. Nd2 Bc5 14. Bxc5 Rxc5 15. Be2 Ke7 16. Kf2 Rd8 17. Rhd1 g5 18. Rac1 Rcc8 19. g3 Bc6 20. Ke3 h5 21. h3 Ng6 22. Nc4 Rxd1 23. Rxd1 Rd8 24. Na5 Rxd1 25. Nxc6+ bxc6 26. Bxd1 h4 27. gxh4 Nxh4 28. b4 Ng2+ 29. Kf2 Nf4 30. Kg3 e5 31. Na4 Nd7 32. Bb3 f6 33. Bc4 Nb8 34. Nc5 Kd6 35. Nxa6 Nxa6 36. Bxa6 c5 37. bxc5+ Kxc5 38. a4 Kb6 39. Bb5 Ne6 40. Kg4 Nd4 41. Be8 Ka5 42. Bd7 Kb6 43. Kh5 Nxf3 44. Kg6 Nd2 45. Kxf6 Nxe4+ 46. Kxe5 Nf2 47. Kf6 Ka5 48. Kxg5 Nxh3+ 1/2-1/2

[Event "BRA-ch sf Reg2 86th"]
[Site "Recife"]
[Date "2019.12.20"]
[Round "3"]
[White "Hiramine, Ricardo Hiroshi Fer"]
[Black "Azevedo, Alcides Alexandre"]
[Result "1/2-1/2"]
[WhiteElo "1965"]
[BlackElo "2044"]
[PlyCount "62"]
[EventDate "2019.12.19"]
[EventType "swiss"]
[EventRounds "7"]
[EventCountry "BRA"]
[SourceTitle "CBM 194 Extra"]
[Source "ChessBase"]
[SourceDate "2020.03.31"]
[SourceVersion "1"]
[SourceVersionDate "2020.03.31"]
[SourceQuality "1"]

1. d4 Nf6 2. c4 e6 3. Nc3 d5 4. cxd5 exd5 5. Bg5 c6 6. Qc2 Be7 7. e3 0-0 8. Bd3 Nbd7 9. Nge2 Re8 10. 0-0 h6 11. Bh4 Nh5 12. Bxe7 Qxe7 13. Rab1 Ndf6 14. Ng3 Nxg3 15. hxg3 g6 16. b4 Ng4 17. Ne2 f5 18. b5 Bd7 19. bxc6 Bxc6 20. Bb5 Qf6 21. Bxc6 bxc6 22. Rb7 g5 23. Rc1 Rec8 24. Qc5 Qd8 25. Rcb1 Qf8 26. Qa5 a6 27. Nc1 Qe8 28. Nd3 Qh5 29. Qa3 Re8 30. Qd6 Rad8 31. Qc7 Qg6 1/2-1/2

[Event "BRA-ch sf Reg2 86th"]
[Site "Recife"]
[Date "2019.12.20"]
[Round "2"]
[White "Silva, Jamysson Bento de P"]
[Black "Hiramine, Ricardo Hiroshi Fer"]
[Result "0-1"]
[WhiteElo "1428"]
[BlackElo "1965"]
[PlyCount "72"]
[EventDate "2019.12.19"]
[EventType "swiss"]
[EventRounds "7"]
[EventCountry "BRA"]
[SourceTitle "CBM 194 Extra"]
[Source "ChessBase"]
[SourceDate "2020.03.31"]
[SourceVersion "1"]
[SourceVersionDate "2020.03.31"]
[SourceQuality "1"]

1. e4 c5 2. Nf3 Nc6 3. d4 cxd4 4. Nxd4 g6 5. Be3 Bg7 6. Nc3 Nf6 7. Bc4 0-0 8. Qd2 Ng4 9. Nb3 Nxe3 10. Qxe3 d6 11. h4 Ne5 12. Be2 Be6 13. h5 Rc8 14. h6 Bf6 15. Qxa7 Nc4 16. Bxc4 Rxc4 17. Qxb7 Rxc3 18. bxc3 Bxc3+ 19. Kd1 Bxb3 20. Qxb3 Bxa1 21. c3 Qa5 22. Kc2 Bxc3 23. Qxc3 Qxa2+ 24. Kd3 Qa6+ 25. Ke3 Qb6+ 26. Kf3 e5 27. Rc1 Qd8 28. Qc7 Qf6+ 29. Ke2 Qf4 30. Rc4 Qg4+ 31. Kd3 Qd1+ 32. Ke3 Qe1+ 33. Kf3 Qd2 34. Qe7 Qd3+ 35. Kg4 Qxc4 36. f3 Qe6+ 0-1

[Event "Natal Potiguar op"]
[Site "Natal"]
[Date "2017.06.04"]
[Round "5"]
[White "Barbosa, Eugenio Seve de Me"]
[Black "Hiramine, Ricardo Hiroshi Fer"]
[Result "1/2-1/2"]
[WhiteElo "2011"]
[BlackElo "1978"]
[PlyCount "61"]
[EventDate "2017.06.02"]
[EventType "swiss"]
[EventRounds "6"]
[EventCountry "BRA"]
[SourceTitle "EXT 2018"]
[Source "ChessBase"]
[SourceDate "2017.10.13"]
[SourceVersion "1"]
[SourceVersionDate "2017.10.13"]
[SourceQuality "1"]

1. d4 Nf6 2. Nf3 d5 3. c3 c5 4. dxc5 e6 5. Bf4 Bxc5 6. e3 0-0 7. Bd3 Nc6 8. Nbd2 Qe7 9. Ne5 Bd6 10. Nxc6 bxc6 11. Bg5 Rb8 12. Qc2 h6 13. Bh4 e5 14. e4 Be6 15. 0-0 Rb7 16. Rae1 Rfb8 17. b3 g5 18. Bg3 Nh5 19. exd5 Nxg3 20. dxe6 Nxf1 21. exf7+ Kg7 22. Nxf1 Qxf7 23. Ng3 e4 24. Nxe4 Re7 25. f3 Qf4 26. g3 Qxf3 27. Rf1 Qe3+ 28. Kg2 Rd8 29. Rf3 Qe1 30. Rf1 Qe3 31. Rf3 1/2-1/2

[Event "Recife Arraes Memorial 9th"]
[Site "Recife"]
[Date "2016.10.23"]
[Round "5.15"]
[White "Leite, Denis Moreira"]
[Black "Hiramine, Ricardo Hiroshi Fer"]
[Result "0-1"]
[WhiteElo "1733"]
[BlackElo "1967"]
[PlyCount "55"]
[EventDate "2016.10.21"]
[EventType "swiss"]
[EventRounds "6"]
[EventCountry "BRA"]
[SourceTitle "EXT 2022"]
[Source "ChessBase"]
[SourceDate "2021.10.06"]
[SourceVersion "1"]
[SourceVersionDate "2021.10.06"]
[SourceQuality "1"]

1. d4 d5 2. c4 e6 3. g3 dxc4 4. Bg2 Nf6 5. Nf3 a6 6. a4 Nc6 7. Nc3 Be7 8. 0-0 0-0 9. e4 Rb8 10. Bf4 b5 11. axb5 axb5 12. d5 exd5 13. exd5 Nb4 14. Nd4 Bd7 15. Ra7 Bd6 16. Bxd6 cxd6 17. Qd2 Qb6 18. Rfa1 Nd3 19. Nc6 Bxc6 20. dxc6 b4 21. Nd5 Nxd5 22. Bxd5 Qd4 23. c7 Rbc8 24. Bc6 Qc5 25. R1a6 Ne5 26. Qd5 c3 27. Qxc5 dxc5 28. Bd5 0-1

[Event "Joao Pessoa op 6th"]
[Site "Joao Pessoa"]
[Date "2015.10.12"]
[Round "4"]
[White "Hiramine, Ricardo Hiroshi Fer"]
[Black "De Melo Braga, Pamella Vittoria"]
[Result "1-0"]
[WhiteElo "2012"]
[BlackElo "1604"]
[PlyCount "73"]
[EventDate "2015.10.10"]
[EventType "swiss"]
[EventRounds "5"]
[EventCountry "BRA"]
[SourceTitle "CBM 168 Extra"]
[Source "ChessBase"]
[SourceDate "2015.10.29"]
[SourceVersion "1"]
[SourceVersionDate "2015.10.29"]
[SourceQuality "1"]

1. d4 d5 2. c4 c6 3. Nc3 Nf6 4. Nf3 Bf5 5. Bg5 e6 6. Qb3 b6 7. cxd5 exd5 8. Ne5 Be7 9. e3 Qc7 10. Rc1 Qd6 11. a3 0-0 12. Ne2 Bd7 13. Ng3 Ng4 14. Bxe7 Qxe7 15. Nf3 Rc8 16. Be2 Be6 17. 0-0 Nd7 18. Bd3 c5 19. Bb1 c4 20. Qc2 g6 21. h3 Ngf6 22. Ne5 b5 23. f4 Nb6 24. f5 Bd7 25. Rce1 b4 26. fxg6 hxg6 27. Nxg6 fxg6 28. Qxg6+ Qg7 29. Rxf6 Rf8 30. Nh5 Qxg6 31. Rxg6+ Kf7 32. Rf1+ Ke7 33. Rg7+ Kd6 34. axb4 Na4 35. Rg6+ Be6 36. Ng7 Rxf1+ 37. Kxf1 1-0

[Event "Joao Pessoa op 6th"]
[Site "Joao Pessoa"]
[Date "2015.10.11"]
[Round "2"]
[White "Da Silva, Antonio Dutra"]
[Black "Hiramine, Ricardo Hiroshi Fer"]
[Result "1/2-1/2"]
[WhiteElo "1788"]
[BlackElo "2012"]
[PlyCount "126"]
[EventDate "2015.10.10"]
[EventType "swiss"]
[EventRounds "5"]
[EventCountry "BRA"]
[SourceTitle "CBM 168 Extra"]
[Source "ChessBase"]
[SourceDate "2015.10.29"]
[SourceVersion "1"]
[SourceVersionDate "2015.10.29"]
[SourceQuality "1"]

1. e4 c5 2. Nf3 Nc6 3. d3 g6 4. g3 Bg7 5. Bg2 e5 6. 0-0 Nge7 7. c3 0-0 8. Be3 d6 9. Nbd2 h6 10. Rb1 Be6 11. b4 cxb4 12. cxb4 Bxa2 13. Ra1 Be6 14. b5 Na5 15. d4 Nc4 16. d5 Nxe3 17. fxe3 Bd7 18. Qb3 Qb6 19. Rfb1 Rfc8 20. Nc4 Qc5 21. Nfd2 b6 22. Ra2 Rcb8 23. Rc2 Qc7 24. Nxe5 Qd8 25. Nec4 Be8 26. Qb4 Nc8 27. Bh3 Bd7 28. Bg2 Qe7 29. Rbc1 a5 30. Qa3 Bxb5 31. Bh3 Bd7 32. Bxd7 Qxd7 33. Qd3 Ne7 34. Qa3 Nc8 35. Rf1 b5 36. Nxa5 Qa7 37. Ra2 b4 38. Qd3 Bc3 39. Ndb3 Qd7 40. Raf2 Nb6 41. Rxf7 Qxf7 42. Rxf7 Kxf7 43. Nc6 Re8 44. Nba5 Nd7 45. Qb5 Nc5 46. Nb7 Nxb7 47. Qxb7+ Kf8 48. Kg2 Kg8 49. Ne7+ Rxe7 50. Qxa8+ Kf7 51. Qb8 Be5 52. Qxb4 Ra7 53. h4 Kg7 54. Qb8 Rf7 55. Qd8 Kh7 56. Qe8 Kg7 57. g4 Rf8 58. Qd7+ Rf7 59. Qc6 Rf8 60. h5 g5 61. Qd7+ Rf7 62. Qe8 Rf6 63. Kg1 Rf7 1/2-1/2

[Event "Joao Pessoa op 6th"]
[Site "Joao Pessoa"]
[Date "2015.10.10"]
[Round "1"]
[White "Hiramine, Ricardo Hiroshi Fer"]
[Black "Leite, Joao Carlos Zirpoli"]
[Result "0-1"]
[WhiteElo "2012"]
[BlackElo "1671"]
[PlyCount "94"]
[EventDate "2015.10.10"]
[EventType "swiss"]
[EventRounds "5"]
[EventCountry "BRA"]
[SourceTitle "CBM 168 Extra"]
[Source "ChessBase"]
[SourceDate "2015.10.29"]
[SourceVersion "1"]
[SourceVersionDate "2015.10.29"]
[SourceQuality "1"]

1. d4 Nf6 2. c4 g6 3. Nc3 Bg7 4. e4 d6 5. Nf3 0-0 6. Be2 e5 7. Be3 Re8 8. dxe5 dxe5 9. Qxd8 Rxd8 10. Bg5 Nbd7 11. Rd1 h6 12. Bh4 g5 13. Bg3 Re8 14. Nb5 Rb8 15. Nxc7 Re7 16. Nd5 Nxd5 17. cxd5 Nc5 18. Nd2 f5 19. f3 Na4 20. Rb1 Rc7 21. Bd1 Nc5 22. 0-0 Nd3 23. Bb3 Kh8 24. Bc4 Nf4 25. Bf2 b6 26. g3 Nh3+ 27. Kg2 g4 28. Bd3 f4 29. Rbc1 Rf7 30. Rc3 Ng5 31. Rfc1 gxf3+ 32. Nxf3 Bh3+ 33. Kh1 Nxf3 34. Be2 Nd4 35. Bh5 Rf6 36. g4 f3 37. Bxd4 exd4 38. g5 Bg2+ 39. Kg1 hxg5 40. Rc7 Rbf8 41. e5 Rf4 42. Kf2 Bxe5 43. Rxa7 Re4 44. Bxf3 Bxf3 45. Rc6 Re2+ 46. Kf1 Bg4+ 47. Kg1 Bxh2+ 0-1

[Event "Potiguar-ch sf"]
[Site "Natal"]
[Date "2015.09.07"]
[Round "6"]
[White "Hiramine, Ricardo Hiroshi Fer"]
[Black "Batista, Francisco Klemberg"]
[Result "1-0"]
[WhiteElo "2020"]
[BlackElo "1803"]
[PlyCount "47"]
[EventDate "2015.09.04"]
[EventType "swiss"]
[EventRounds "7"]
[EventCountry "BRA"]
[SourceTitle "EXT 2022"]
[Source "ChessBase"]
[SourceDate "2021.10.06"]
[SourceVersion "1"]
[SourceVersionDate "2021.10.06"]
[SourceQuality "1"]

1. d4 Nf6 2. c4 c5 3. d5 g6 4. Nc3 d6 5. e4 Bg7 6. f4 0-0 7. Bd3 Re8 8. Nf3 Bg4 9. 0-0 Nbd7 10. Be2 Nf8 11. Ng5 h6 12. Bxg4 hxg5 13. fxg5 N6d7 14. Bf4 Nh7 15. Qf3 Be5 16. Bxd7 Bd4+ 17. Be3 Bxe3+ 18. Qxe3 Qxd7 19. e5 dxe5 20. Qxe5 Qg4 21. Ne4 b6 22. Rf4 Qe2 23. Raf1 f6 24. gxf6 1-0

[Event "Natal Potiguar op 11th"]
[Site "Natal"]
[Date "2015.08.08"]
[Round "2"]
[White "Hiramine, Ricardo Hiroshi Fer"]
[Black "Macedo, Alexandre Soares"]
[Result "1-0"]
[WhiteElo "2026"]
[BlackElo "1879"]
[PlyCount "53"]
[EventDate "2015.08.07"]
[EventType "swiss"]
[EventRounds "5"]
[EventCountry "BRA"]
[SourceTitle "EXT 2016"]
[Source "ChessBase"]
[SourceDate "2015.10.08"]
[SourceVersion "1"]
[SourceVersionDate "2015.10.08"]
[SourceQuality "1"]

1. d4 d5 2. c4 e6 3. cxd5 exd5 4. Nc3 Be6 5. Qb3 b6 6. e3 c6 7. Nf3 h6 8. Bd3 Nf6 9. 0-0 Bd6 10. Qc2 Nbd7 11. e4 dxe4 12. Nxe4 Nxe4 13. Bxe4 Bd5 14. Bxd5 cxd5 15. Qc6 Qb8 16. Re1+ Kd8 17. Qxd5 Rf8 18. Ne5 Bxe5 19. dxe5 Qc8 20. Bf4 Rb8 21. e6 fxe6 22. Qxe6 Rxf4 23. Qe7+ Kc7 24. Rac1+ Kb7 25. Rxc8 Kxc8 26. Qe8+ Kc7 27. Rc1+ 1-0

[Event "Natal Potiguar op 10th"]
[Site "Natal"]
[Date "2015.07.04"]
[Round "3"]
[White "Arruda, Jair Jose Jr"]
[Black "Hiramine, Ricardo Hiroshi Fer"]
[Result "0-1"]
[WhiteElo "1508"]
[BlackElo "2071"]
[PlyCount "46"]
[EventDate "2015.07.03"]
[EventType "swiss"]
[EventRounds "6"]
[EventCountry "BRA"]
[SourceTitle "CBM 167 Extra"]
[Source "ChessBase"]
[SourceDate "2015.09.14"]
[SourceVersion "1"]
[SourceVersionDate "2015.09.14"]
[SourceQuality "1"]

1. e4 c5 2. Nf3 d6 3. d4 cxd4 4. Nxd4 Nf6 5. Nc3 g6 6. Be3 Bg7 7. f3 0-0 8. Qd2 Nc6 9. 0-0-0 d5 10. h4 dxe4 11. fxe4 Ng4 12. Nxc6 Qxd2+ 13. Rxd2 bxc6 14. Bc5 Bh6 15. Bxe7 Bxd2+ 16. Kxd2 Re8 17. Bc5 h5 18. Be2 Be6 19. g3 Rad8+ 20. Bd3 Rd7 21. Rf1 Red8 22. Rf3 Ne5 23. Re3 Nc4+ 0-1

[Event "Natal Academia Potiguar 8th"]
[Site "Natal"]
[Date "2015.06.06"]
[Round "2.3"]
[White "Gomes, Jose Murilo"]
[Black "Hiramine, Ricardo Hiroshi Fer"]
[Result "1-0"]
[WhiteElo "1899"]
[BlackElo "2080"]
[PlyCount "123"]
[EventDate "2015.06.05"]
[EventType "swiss"]
[EventRounds "5"]
[EventCountry "BRA"]
[SourceTitle "EXT 2022"]
[Source "ChessBase"]
[SourceDate "2021.10.06"]
[SourceVersion "1"]
[SourceVersionDate "2021.10.06"]
[SourceQuality "1"]

1. e4 c5 2. Nf3 d6 3. d4 cxd4 4. Qxd4 Nc6 5. Bb5 Bd7 6. Bxc6 Bxc6 7. Nc3 e6 8. Bg5 Nf6 9. 0-0-0 Be7 10. Qd3 d5 11. e5 Nd7 12. Bxe7 Qxe7 13. Rhe1 a6 14. Kb1 b5 15. Nd4 Qc5 16. f4 b4 17. Nce2 Bb5 18. Nxb5 axb5 19. Qd4 Qc4 20. b3 Qc5 21. Qxc5 Nxc5 22. Rd4 Ne4 23. Rxb4 Ra5 24. a4 Kd7 25. Rxb5 Rxb5 26. axb5 Rb8 27. Kb2 Rxb5 28. Ra1 Rb7 29. Nd4 f6 30. Ra6 Nc5 31. Rd6+ Ke7 32. Rc6 fxe5 33. fxe5 Nd7 34. Rxe6+ Kf7 35. Rd6 Nxe5 36. Rxd5 Ng4 37. Rf5+ Kg6 38. h4 Ne3 39. Rg5+ Kf6 40. Rg3 Nd5 41. c4 Nb4 42. Ka3 Ke5 43. Nb5 Nc6 44. Re3+ Kf6 45. Rd3 Ne5 46. Rd6+ Ke7 47. Ra6 Nd3 48. Ra7 Rxa7+ 49. Nxa7 Nf4 50. g3 Nh5 51. c5 Nxg3 52. Nc6+ Kd7 53. Ne5+ Kc7 54. b4 Nf5 55. Nf3 Nxh4 56. Nxh4 g5 57. Nf3 g4 58. Nh4 Kb7 59. Kb3 Kc6 60. Kc4 h5 61. b5+ Kc7 62. Kd5 1-0

[Event "Recife Arraes Memorial 8th"]
[Site "Recife"]
[Date "2015.05.02"]
[Round "3"]
[White "Rocha, Vitor Firmo de Souz"]
[Black "Hiramine, Ricardo Hiroshi Fer"]
[Result "0-1"]
[WhiteElo "2093"]
[BlackElo "1802"]
[PlyCount "102"]
[EventDate "2015.05.01"]
[EventType "swiss"]
[EventRounds "6"]
[EventCountry "BRA"]
[SourceTitle "EXT 2018"]
[Source "ChessBase"]
[SourceDate "2017.10.13"]
[SourceVersion "1"]
[SourceVersionDate "2017.10.13"]
[SourceQuality "1"]

1. e4 c5 2. b3 d6 3. f4 Nf6 4. Nc3 e6 5. Nf3 Nc6 6. Bb5 Bd7 7. Bb2 a6 8. Bxc6 Bxc6 9. Qe2 Qc7 10. 0-0 h6 11. Rae1 0-0-0 12. d3 d5 13. e5 Nd7 14. Nd2 Nb6 15. a4 d4 16. Nce4 Bxe4 17. Qxe4 Nd5 18. Ra1 Ne3 19. Rfc1 g5 20. Nc4 gxf4 21. Qxf4 Nxc4 22. dxc4 Bg7 23. Re1 f6 24. Qg4 fxe5 25. Qxe6+ Kb8 26. Re4 Rd6 27. Qh3 Rf8 28. Qd3 Rdf6 29. Ree1 Rf4 30. Ba3 Qc6 31. Qg3 Bf6 32. Qg6 e4 33. Qxh6 Be7 34. Qxc6 bxc6 35. Rf1 e3 36. g3 Rf2 37. Rac1 Rd2 38. Rxf8+ Bxf8 39. Bb2 a5 40. Ba3 Bd6 41. Bb2 Kc7 42. Ba3 Kd7 43. Bb2 Ke6 44. Ba3 Kf5 45. c3 d3 46. Re1 Ra2 47. Bc1 d2 48. Bxd2 exd2 49. Rd1 Ke4 50. Kf2 Kd3 51. h4 Rc2 0-1

[Event "Recife Arraes Memorial 8th"]
[Site "Recife"]
[Date "2015.05.01"]
[Round "2"]
[White "Hiramine, Ricardo Hiroshi Fer"]
[Black "Passos Coutinho, Eduardo"]
[Result "1-0"]
[WhiteElo "1802"]
[BlackElo "1767"]
[PlyCount "105"]
[EventDate "2015.05.01"]
[EventType "swiss"]
[EventRounds "6"]
[EventCountry "BRA"]
[SourceTitle "EXT 2016"]
[Source "ChessBase"]
[SourceDate "2015.10.08"]
[SourceVersion "1"]
[SourceVersionDate "2015.10.08"]
[SourceQuality "1"]

1. d4 g6 2. c4 Bg7 3. Nc3 Nf6 4. e4 d6 5. f3 0-0 6. Bg5 Nbd7 7. Nge2 c6 8. Qd2 Re8 9. Nc1 a6 10. a4 b6 11. Be2 Bb7 12. b4 Qc7 13. 0-0 c5 14. bxc5 bxc5 15. d5 Reb8 16. Nd3 Bc8 17. Rab1 Qa5 18. Qc2 h6 19. Bd2 Qc7 20. Rxb8 Rxb8 21. Rb1 Rxb1+ 22. Qxb1 g5 23. Qa2 Ne8 24. a5 Ne5 25. Nxe5 Bxe5 26. Na4 f5 27. exf5 Bxf5 28. g4 Bg6 29. Qb3 Nf6 30. Qb6 Qc8 31. Qc6 Qxc6 32. dxc6 Ne8 33. Bc3 Bxc3 34. Nxc3 e6 35. Bd1 Kf8 36. Kf2 Ke7 37. Ke3 Nc7 38. f4 gxf4+ 39. Kxf4 d5 40. Bf3 Kd6 41. cxd5 exd5 42. Nxd5 Nxd5+ 43. Bxd5 Be8 44. Bc4 Bxc6 45. Bxa6 Ke6 46. Bc4+ Kf6 47. h4 Bb7 48. a6 Ba8 49. g5+ hxg5+ 50. hxg5+ Kg7 51. Ke5 Kg6 52. Kd6 Kxg5 53. Kxc5 1-0